000 00413nam a22001457a 4500
020 _a9781856697491
040 _cNUST
082 _a670 LEF
100 _aLefteri, Chris
_9111868
245 _aMaking It :
_bManufacturing Techniques for Product Design
250 _a2nd EDITION
260 _aLondon;
_bLaurence King,
_c2012.
650 _aManufacturing Techniques for Product Design
_9112193
942 _2ddc
_cBK
999 _c594492
_d594492